| 000 | 00819nam a2200241 i 4500 | ||
|---|---|---|---|
| 001 | bgj | ||
| 100 | 1 | _aCAMPBELL, Colin. | |
| 245 | 1 | 0 |
_aTowards teaching : _ban exploration of teaching skills / _cColin Campbell, Hanna Kryszewska. |
| 260 |
_aOxford : _bHeinemann, _c1995. |
||
| 300 |
_aX, 86 pp : _bill. ; _c25 cm. |
||
| 490 | 1 | _aThe European Language Classroom / [ed. by] Arthur van Essen | |
| 504 | _aBibliography p. 84-85. | ||
| 505 | _aIncludes index. | ||
| 650 | 9 |
_aEnglish language _xStudy and teaching _xForeign speakers |
|
| 700 | 1 |
_aKRYSZEWSKA, Hanna. _eco-author |
|
| 830 | 0 | _aThe European Language Classroom ([ed. by] Arthur van Essen) | |
| 020 | _a0435240773 (pbk) | ||
| 040 | _cBPK | ||
| 041 | 0 | _aeng | |
| 920 | _a0-435-24077-3 (pbk) | ||
| 942 | _cKS | ||
| 008 | s uk f |000 0 eng | ||
| 999 |
_c48178 _d48178 |
||
| 856 |
_uhttp://koha.tu.koszalin.pl/cgi-bin/koha/opac-detail.pl?biblionumber=48178 _yKatalog online BPK |
||